| 000 | 00432nam a22001217a 4500 | ||
|---|---|---|---|
| 999 |
_c10261 _d10261 |
||
| 003 | OSt | ||
| 008 | 201218b ||||| |||| 00| 0 eng d | ||
| 245 | _aAbhigyan - Quest For Excellence | ||
| 250 | _a2015(Apr-Jun Vol.33 No.1, Jul-Sep Vol.33 No.2, Oct-Dec Vol.33 No.3) 2016(Jan-Mar Vol.33 No.4) | ||
| 260 |
_aNew Delhi _bFoundation for Organizational Research and Education (FORE) |
||
| 650 | _aMechanical Engineering | ||
| 942 |
_2ddc _cBV |
||